Statistiken für Alle FC Bayern Spieler, die unter Hansi Flick spielten

Klicken Sie hier um das Quiz zu spielen!

Allgemein

  • Dieses Quiz wurde 446 mal gespielt
  • Das Durchschnittsergebnis liegt bei 22 aus 43

Antwortstatistiken

EinsätzeNationalitätSpieler% Korrekt
81DeutschlandManuel Neuer
99%
71PolenRobert Lewandowski
97%
81DeutschlandThomas Müller
95%
74DeutschlandJoshua Kimmich
94%
70KanadaAlphonso Davies
93%
78ÖsterreichDavid Alaba
93%
63FrankreichKingsley Coman
91%
64DeutschlandLeon Goretzka
90%
70DeutschlandSerge Gnabry
89%
44DeutschlandLeroy Sané
86%
67FrankreichBenjamin Pavard
80%
32KamerunEric Maxim Choupo-Moting
77%
67DeutschlandJérôme Boateng
73%
53FrankreichLucas Hernández
73%
26SpanienThiago
73%
38DeutschlandJamal Musiala
72%
1DeutschlandSven Ulreich
69%
15SenegalBouna Sarr
65%
26KroatienIvan Perisic
65%
46SpanienJavi Martínez
65%
37DeutschlandNiklas Süle
63%
40FrankreichCorentin Tolisso
54%
1KroatienJosip Stanisic
54%
25BrasilienPhilippe Coutinho
51%
20BrasilienDouglas Costa
47%
11SpanienMarc Roca
36%
17NiederlandeJoshua Zirkzee
28%
2NeuseelandSarpreet Singh
28%
8USAChris Richards
27%
9FrankreichMichaël Cuisance
21%
5SpanienÁlvaro Odriozola
20%
6FrankreichTanguy Nianzou
19%
4DeutschlandAlexander Nübel
18%
2PortugalTiago Dantas
18%
1GhanaKwasi Wriedt
15%
1DeutschlandJann-Fiete Arp
13%
1DeutschlandOliver Batista Meier
10%
3DeutschlandAngelo Stiller
7%
1DeutschlandBright Arrey-Mbi
7%
1LettlandDaniels Ontuzans
5%
3DeutschlandLeon Dajaku
5%
2DeutschlandChristopher Scott
4%
1DeutschlandArmindo Sieb
3%

Verteilung der Resultate

Perzentil nach korrekt beantworteten Fragen

Anzahl Personen mit jedem Resultat

Ihre Resultats-Entwicklung

Sie haben dieses Quiz noch nicht gespielt